| 000 | 00617nmm a2200193Ia 4500 | ||
|---|---|---|---|
| 008 | 251105s9999||||xx |||||||||||||||||und|| | ||
| 020 | _a9788497492959 | ||
| 041 | _aglg | ||
| 100 | _aSánchez Bello, Ana | ||
| 245 | 0 | _aTratamento da violencia de xénero dende as políticas de igualdade | |
| 264 |
_a[Madrid, España] : _bUniversidade da Coruña, _c2008 |
||
| 300 | _a161 páginas | ||
| 490 | _aCursos, congresos e simposios | ||
| 650 | _aGender and Women Studies | ||
| 700 | _aSánchez Bello, Ana | ||
| 700 | 1 | _a Iglesias Galdo, Ana | |
| 856 | _uhttps://public.digitaliapublishing.com/a/1137 | ||
| 942 | _cCF | ||
| 999 |
_c71044 _d71044 |
||